000 00757nam a2200169 i 4500
001 59816
003 ES-MaACL
005 20230906164113.0
007 t|
008 031031m19021916fr ||||1| fre d
100 1 _aEnlart, Camille.
_947249
245 1 0 _aManuel d'archeologie française
_b: depuis les temps merovingiens jusqu'a la renaissance /
_cCamille Enlart.
260 _aParis :
_b[s.n.],
_c1902-16 (
_eMacon :
_fProtat Frères)
300 _a4 v. ;
_c23 cm.
505 8 _aContiene: Premiere partie : Architecture / par Camille Enlart. V. I: Architecture religieux. -- V. II: Architecture religieux : (tabla apphabetique et analytique des matieres). -- V. III: Architecture civile et militaire. -- V. IV: Le costume
852 _aES-MaACL
_jF-12089-92
999 _c59816
_d59816